| 000 | 00437nam a22001337a 4500 | ||
|---|---|---|---|
| 082 |
_a624.15136 _bWOL _cD |
||
| 100 |
_aWolff, Thomas F. _942551 |
||
| 110 |
_aDepartment of the Army US Army Corps of Engineers Washington DC _942552 |
||
| 245 | _aLeveemsu A Software Package Designed for Levee Underseepage Analysis | ||
| 260 | _aWashington DC | ||
| 300 |
_a74 P.: _bill.; |
||
| 526 |
_a0 _b0 _c0 _d624_151360000000000_WOL |
||
| 942 |
_2ddc _cBK |
||
| 999 |
_c546433 _d546433 |
||